000 00323nam a22001457a 4500
008 210608b ||||| |||| 00| 0 eng d
020 _a9781475835229
041 _aeng
080 _250th
_a91
082 _a91
100 _a42
101 _aGJEO
245 _aEast and Southeast Asia
_cSteven A. Leibo
942 _2udc
_cBK
999 _c58061
_d58061